Statistiques concernant Irlande au Concours Eurovision de la Chanson

Cliquez ici pour prendre le quiz!

Statistiques générales

  • Ce quiz a été pris 35 fois
    (34 depuis la dernière actualisation)
  • Le résultat moyen est 11 sur 15

Statistiques - réponses

QuestionsRéponses% Correct
Combien de fois a-t-elle gagné l'Eurovision ?7
100%
Pour la dernière fois en quelle année ?1996
97%
Combien de fois s'est-elle retirée du concours ?2
97%
Depuis quelle année l'Irlande participe-t-elle au concours ?1965
90%
Combien de fois l'Islande a-t-elle terminé à la dernière place ?3
90%
La décennie 1990 a été très prolifique pour l'Irlande. Combien de fois a-t-elle gagné durant cette décennie ?4
90%
Combien de fois l'Islande s'est-elle qualifiée à la grande finale depuis que les demi-finales ont été mises en place (2004) ?8
90%
A quel pays l'Irlande a-t-elle donné le plus de points en finale depuis 1975 ?Royaume-Uni
77%
Un irlandais est le seul représentant à avoir gagné 2 fois le concours (et une 3ème fois en tant qu'auteur), en 1980 et 1987. Comment s'appelle-t-il ?Johnny Logan
73%
Avec quelle chanson et/ou interprète ?The voice / Eimear Quinn
63%
Qui va représenter l'Irlande à l'Eurovision 2021 ?Lesley Roy
60%
En quelle année la seule chanson écrite intégralement en irlandais a été envoyée au concours ?1972
57%
Qui fut le premier vainqueur irlandais du concours en 1970 ?Dana
50%
Quelle espèce animale a été le seul candidat non humain du concours en 2008 ? (c'était une marionnette)Une dinde
50%
Quel duo composé de jumeaux participe à deux reprises, en 2011 et 2012, avec des tenues extravagantes ?Jedward
43%

Distribution des résultats

Percentile par nombre de réponses

% des personnes avec chaque résultat

Votre développement - résultats

Vous n’avez pas pris ce quiz depuis la dernière actualisation